Solve Five Secret Countries by Continent - Statistics

General Stats
  • This quiz has been taken 7,761 times
    7,454 since last reset
  • The average score is 20 of 31
Answer Stats
Scramble Continent Scramble Country % Correct
AIINSTU Africa EGPTY Egypt
100%
AEGIINR Africa AIINSTU Tunisia
89%
AIIMRSTUU Africa AEGIINR Nigeria
88%
AEIKMNNRSTTU Asia AAAHKKNSTZ Kazakhstan
81%
AAAHKKNSTZ N Asia AIKTUW Kuwait
77%
AAABILN Asia AEIKMNNRSTTU Turkmenistan
77%
AAIKLOSV T Europe ABELRSU Belarus
75%
ABELRSU Europe AAABILN Albania
74%
AAI MNNORS Europe AAIKLOSV Slovakia
74%
AIKTUW Asia AAMMNRY Myanmar
73%
EEMNY Africa AABNOSTW Botswana
67%
ABMRU Asia EEMNY Yemen
67%
AABNOSTW A Africa AIIMRSTUU Mauritius
66%
BCCCE EHILPRUZ Europe AAI MNNORS San Marino
66%
AADEGNR North America AAAMNP Panama
60%
AAAMNP N North America AHIIT Haiti
59%
ACDEORU South America ABILRZ Brazil
58%
ABILRZ A South America CEHIL Chile
58%
ACDIIMNO North America AADEGNR Grenada
57%
CEHIL Oceania AAD EELNNWZ New Zealand
57%
ALTUUV Oceania AAMOS Samoa
57%
ABKIIIRT Oceania ALTUUV Tuvalu
57%
AAACGINRU North America ACDIIMNO Dominica
56%
ABCILMOO South America ACDEORU Ecuador
56%
AANTUUV A Oceania ABKIIIRT Kiribati
56%
AAD EELNNWZ Oceania AANTUUV Vanuatu
56%
AEIMNRSU South America ABCILMOO Colombia
55%
AAMOS I North America AAACGINRU Nicaragua
55%
AHIIT Europe BCCCE EHILPRUZ Czech Republic
53%
Z South America AEIMNRSU Suriname
53%
TANZANIA
45%
No matching quizzes found
Score Distribution
Percent of People with Each Score
Percentile by Number Answered
Your Score History
You have not taken this quiz since the last reset